| 000 | 00713nam a2200217Ia 4500 | ||
|---|---|---|---|
| 003 | GCL | ||
| 005 | 20240530095403.0 | ||
| 008 | 140319s9999 xx 000 0 ara d | ||
| 040 |
_aGCL / _cGCL |
||
| 082 | 0 | 4 |
_a050 _bد/د هـ |
| 245 | 1 | 0 | _aالهلال اغسطس 2000 : ابن رشد وابن حزم فى شوارع قرطبة |
| 260 |
_aالقاهرة : _bدار الهلال للطباعة والنشر ، _c2000 |
||
| 650 | 0 | 4 | _aالاسلام |
| 650 | 0 | 4 | _aالقصص |
| 650 | 0 | 4 | _aطه حسين |
| 650 | 0 | 4 | _aنزار قبانى |
| 650 | 0 | 4 | _aابن حزم الاندلسى |
| 650 | 0 | 4 | _aابن رشد، ابوالوليد محمد بن احمد |
| 650 | 0 | 4 | _aالشعر - مصر |
| 942 |
_2ddc _cCR |
||
| 999 |
_c6736 _d6736 |
||